Gaming Quiz

Random Gaming or Video Games Quiz

Name the Fighting Videogame Series Quiz Stats

 Plays Quiz not verified by Sporcle

Challenge
Share
Tweet
Embed
Score 0/27 Timer 06:00
0 Plays Today
Characters Game or Game Series % Correct
Stryker, Reptile, Mileena, KenshiMortal Kombat
93.9%
T. Hawk, Ibuki, Blanka, AdonStreet Fighter
92.4%
Anna Williams, Ganryu, Eddy Gordo, ZafinaTekken
89.3%
Rock, Kilik, Ivy, PatroklosSoul Calibur
82.4%
Pit, Lucario, Ness, SamusSuper Smash Bros.
77.9%
Leona, Athena, Kim Kaphwan, Terry BogardKing of Fighters
71%
Kasumi, Leon, Hitomi, EliotDead or Alive
71%
Marrow, Phoenix, Dan, Jin SaotomeMarvel Vs. Capcom
56.5%
Lion Rafale, Jacky Bryant, El Blaze, Brad BurnsVirtua Fighter
55.7%
Jago, B. Orchid, Sabrewulf, CinderKiller Instinct
51.9%
Anakaris, Donovan Baine, Q-Bee, Jon TalbainDarkstalkers
48.1%
Firion, Golbez, Terra Branford, KujaDissidia Final Fantasy
46.6%
Duck King, Billy Kane, Big Bear, Mai ShiranuiFatal Fury
45.8%
Rose, Sakura, R. Mika, CodyStreet Fighter Alpha
43.5%
Characters Game or Game Series % Correct
Bonker, Helga, Bad Mr. Frosty, SpikeClay Fighter
42%
Yamcha, Android 13, King Cold, TrunksDragon Ball Z: Budokai Tenkaichi
41.2%
Dizzy, Zappa, Slayer, Sol BadguyGuilty Gear
40.5%
Robert Garcia, Temjin, Wyler, Geese HowardArt of Fighting
38.9%
Hanzo Hattori, Earthquake, Tam Tam, Nicotine CaffeineSamurai Showdown
30.5%
Alice, Nagi, Fang, GaneshaBloody Roar
29.8%
Ryoma, Pete, Galuda, Edward FalconPower Stone
22.1%
Cut Man, Plant Man, Bass, Shadow ManMega Man: The Power Battle/Power Fighters
21.4%
Sasuke, Prince Doza, Godhand, Cloud StrifeEhrgeiz: God Bless the Ring
20.6%
Choji, Hidan, Kiba, TemariNaruto: Ultimate Ninja Storm
16.8%
Aska, Wingnut, War, LeonardoTMNT: Tournament Fighters
14.5%
Sett, Kaori, Voodoo, RajahShaq-Fu
13%
Green Arrow, Cheetah, Darkseid, BatmanJustice League Task Force
13%

You're not logged in!

Compare scores with friends on all Sporcle quizzes.
OR
Log In

You Might Also Like...

Show Comments

Extras

Top Quizzes Today


Score Distribution

Your Account Isn't Verified!

In order to create a playlist on Sporcle, you need to verify the email address you used during registration. Go to your Sporcle Settings to finish the process.

Report this User

Report this user for behavior that violates our Community Guidelines.

Details: